000 00558nam a2200181Ia 4500
001 25313
005 20260414151141.0
008 260414t1999||||xx |||||||||||||| ||spa||
041 _aESP
082 _a346.46
_bI59P
110 _aInstituto Nacional de Defensa de la Competencia y de la Protección de la Propiedad Intelectual (Perú)
245 0 _aPrecedentes de observancia obligatoria en materia de defensa de la competencia
_b
260 _c1999
300 _a652 páginas :
_c23 cm.
650 _aDER
654 _aCDE
942 _cLIB
_dJUS
_fJUS
_2ddc
_n
999 _c25313
_d25313